| 000 | 00873cam a2200289 4500 | ||
|---|---|---|---|
| 001 | 29287 | ||
| 003 | BD-RjUL | ||
| 005 | 20211209051408.0 | ||
| 008 | 140403s1972 ilua b 001 0 eng | ||
| 020 | _a0673075877 | ||
| 035 | _a(BD-RjUL)29372 | ||
| 040 |
_aDLC _cDLC _dDLC _dBD-RjUL _beng |
||
| 041 | _aeng | ||
| 082 | 0 | 0 |
_a616.89 _bCOA 1972 |
| 100 | 1 |
_aColeman, James C. _q(James Covington) _989375 |
|
| 245 | 1 | 0 |
_aAbnormal psychology and modern life / _c[by] James C. Coleman. William E. Broen, Jr., contributing author. |
| 250 | _a4th ed. | ||
| 260 |
_aGlenview, Ill., _bScott, Foresman, _cc1972. |
||
| 300 |
_a798 p. : _bill. ; _c26 cm. |
||
| 504 | _aBibliography: p. 724-757. | ||
| 504 | _aIncludes index. | ||
| 650 | 0 |
_aPsychiatry. _989376 |
|
| 700 | 1 |
_aBroen, William Ernest. _989377 |
|
| 942 |
_2ddc _cBK |
||
| 999 |
_c29287 _d29287 |
||